000 01054nam a2200337 i 4500
001 192785
003 SpMaBN
005 20250822050254.0
007 ta
008 010626s2001 sp | ||| ||spa
017 _aM 7976-2001
_bOficina Depósito Legal Madrid
020 _a8495354403
035 _a(OCoLC)434126969
040 _aSpMaBN
_bspa
_cSpMaBN
_erda
_dEs-MaACL
080 _a796.332(091)
100 1 _aRelaño, Alfredo,
_d1951-
_9226301
_eaut
245 1 3 _aEl fútbol contado con sencillez /
_cAlfredo Relaño.
264 1 _aMadrid :
_bMaeva,
_c[2001]
300 _a179 páginas ;
_c23 x 13 cm
336 _2rdacontent
_aTexto
337 _2rdamedia
_asin mediación
338 _2rdacarrier
_avolumen
490 1 _aContada con sencillez
500 _aÍndice
650 7 _aFútbol
_2embne
_913019
830 _aContada con sencillez
_9226303
852 _aES-MaACL
_bR.152699
_cDEPOJ
_hDonación: Editorial
_jN-8414
_9200085
942 _n0
_cMONOGRAFIA
999 _c192785
_d192785